[Event "II Aberto do Brasil de Maringa id. fide 69253 id. 
[Site "Maringa - Parana - Brasil"]
[Date "2012.08.09"]
[Round "2"]
[Board "33"]
[White "DE ANDRADE, Osvaldo Cezar G"]
[Black "DE OLIVEIRA, Francemir Barra"]
[Result "1-0"]
[WhiteElo "2110"]
[BlackElo "1739"]
[PlyCount "79"]
[EventDate "2012.08.08"]
[EventRounds "9"]
[EventCountry "BRA"]

1. e4 e5 2. Nf3 Nc6 3. Bc4 Be7 4. d4 exd4 5. c3 Nf6 6. e5 Ng4 7. cxd4 d5 8. Bb5
O-O 9. Nc3 Kh8 10. O-O f6 11. h3 Nh6 12. Bxh6 gxh6 13. Bxc6 bxc6 14. Qc1 Rg8
15. Kh1 Qf8 16. Kh2 Qg7 17. g3 Bd7 18. Qe3 Raf8 19. Ne2 f5 20. Nf4 Bg5 21. Rfe1
Bxf4 22. Qxf4 Be6 23. Rac1 Bd7 24. e6 Be8 25. Ne5 Rf6 26. Nxc6 Rg6 27. Nb4 c6
28. b3 h5 29. Nxc6 h4 30. Qxh4 Rg5 31. Qf4 Qh6 32. Ne7 Rf8 33. Qe5+ Rf6 34.
Nxd5 Rgg6 35. Rc8 Qf8 36. Nc7 Kg7 37. e7 Qf7 38. Nxe8+ Kh6 39. Qf4+ Rg5 40.
Nxf6 1-0

[Event "II Aberto do Brasil de Maringa id. fide 69253 id. 
[Site "Maringa - Parana - Brasil"]
[Date "2012.08.09"]
[Round "2"]
[Board "34"]
[White "PASTANA, Rafael Pedroni"]
[Black "CAMARGO, Mateus De"]
[Result "0-1"]
[WhiteElo "1724"]
[BlackElo "2109"]
[PlyCount "75"]
[EventDate "2012.08.08"]
[EventRounds "9"]
[EventCountry "BRA"]

1. e4 c5 2. Nf3 d6 3. d4 cxd4 4. Nxd4 Nf6 5. Nc3 a6 6. Bc4 e6 7. Bb3 b5 8. O-O
Be7 9. Qf3 Qc7 10. Qg3 O-O 11. f4 b4 12. Na4 Nxe4 13. Qf3 Bb7 14. Qg4 Bf6 15.
Be3 Nc5 16. f5 Nxb3 17. cxb3 e5 18. Ne2 Nd7 19. Ng3 Rac8 20. Nh5 Kh8 21. Rac1
Qd8 22. Qxb4 Rxc1 23. Rxc1 Qb8 24. Nb6 Nxb6 25. Qxb6 Bd8 26. Qb4 Rg8 27. Qa4
Bc8 28. Ng3 Bb6 29. Bxb6 Qxb6+ 30. Kf1 Qe3 31. Qc4 Bd7 32. Re1 Qa7 33. a4 Rd8
34. Qd5 f6 35. Rd1 Bc8 36. Ne4 Bb7 37. Qa5 Qb8 38. Nc5 0-1

[Event "II Aberto do Brasil de Maringa id. fide 69253 id. 
[Site "Maringa - Parana - Brasil"]
[Date "2012.08.09"]
[Round "2"]
[Board "35"]
[White "FARIAS, Sergio Roberto Alves"]
[Black "BIDIGARAY, Marcio"]
[Result "1-0"]
[WhiteElo "2101"]
[BlackElo "1722"]
[PlyCount "65"]
[EventDate "2012.08.08"]
[EventRounds "9"]
[EventCountry "BRA"]

1. d4 Nf6 2. c4 e6 3. Nc3 g6 4. e4 d6 5. Be3 Bg7 6. Bd3 O-O 7. f3 c6 8. Nge2
Nbd7 9. Qd2 e5 10. d5 c5 11. g4 Kh8 12. Ng3 Ng8 13. h4 h6 14. h5 g5 15. Nf5 Qf6
16. Nb5 a6 17. Nbxd6 b6 18. O-O Nb8 19. Nxc8 Rxc8 20. a3 Ne7 21. b4 Nxf5 22.
exf5 Qd6 23. bxc5 Rxc5 24. Bxc5 Qxc5+ 25. Qf2 Qxf2+ 26. Kxf2 e4 27. Bxe4 Bxa1
28. Rxa1 Nd7 29. d6 Rb8 30. Bd5 f6 31. Rb1 b5 32. cxb5 axb5 33. Bc6 1-0

[Event "II Aberto do Brasil de Maringa id. fide 69253 id. 
[Site "Maringa - Parana - Brasil"]
[Date "2012.08.09"]
[Round "2"]
[Board "36"]
[White "MONTE, Edmar Ferreira"]
[Black "OLIVEIRA, Fernando Ventura"]
[Result "0-1"]
[WhiteElo "1710"]
[BlackElo "2077"]
[PlyCount "62"]
[EventDate "2012.08.08"]
[EventRounds "9"]
[EventCountry "BRA"]

1. c4 g6 2. d4 f5 3. g3 Nf6 4. Bg2 Bg7 5. Nf3 d6 6. Nc3 c6 7. O-O O-O 8. Qb3 e6
9. Bg5 Qe8 10. Bxf6 Bxf6 11. e4 Nd7 12. Rae1 Qd8 13. e5 dxe5 14. Nxe5 Bxe5 15.
dxe5 Qc7 16. f4 Nc5 17. Qa3 Qb6 18. Kh1 Nd3 19. Re2 a5 20. Nd5 cxd5 21. cxd5
Nb4 22. d6 Bd7 23. Qb3 a4 24. Qd1 Rfc8 25. a3 Na6 26. Rff2 Rc5 27. Rc2 Rac8 28.
h4 Qb3 29. Qf3 Qxf3 30. Bxf3 Rxc2 31. Rxc2 Rxc2 0-1

[Event "II Aberto do Brasil de Maringa id. fide 69253 id. 
[Site "Maringa - Parana - Brasil"]
[Date "2012.08.09"]
[Round "2"]
[Board "37"]
[White "SZTOKBANT, Bernardo Vainzoff"]
[Black "ROCHA, Juliana Da Silva"]
[Result "1-0"]
[WhiteElo "2065"]
[BlackElo "1657"]
[PlyCount "70"]
[EventDate "2012.08.08"]
[EventRounds "9"]
[EventCountry "BRA"]

1. e4 e6 2. d4 b6 3. Nc3 Bb7 4. Bd3 Nf6 5. Nge2 h6 6. O-O c5 7. e5 Nd5 8. Nxd5
Bxd5 9. c4 Bb7 10. Be3 Qh4 11. dxc5 Bxc5 12. Bxc5 bxc5 13. f4 Qg4 14. Ng3 Qxd1
15. Raxd1 Nc6 16. Ne4 Rb8 17. Nxc5 a5 18. Be4 Nd8 19. Nxd7 Rc8 20. Nb6 Rc7 21.
Rfe1 Nc6 22. Rd6 Nb4 23. Red1 O-O 24. Bxb7 Rxb7 25. a3 Na6 26. Nd7 Ra8 27. Rxa6
Rxa6 28. Nc5 Raa7 29. Nxb7 Rxb7 30. Rd2 f6 31. exf6 gxf6 32. Kf2 Kf7 33. Ke3 f5
34. Kd4 Rd7+ 35. Kc3 Rb7 1-0

[Event "II Aberto do Brasil de Maringa id. fide 69253 id. 
[Site "Maringa - Parana - Brasil"]
[Date "2012.08.09"]
[Round "2"]
[Board "38"]
[White "ICHIMURA G  BARBOSA, Larissa Yuki"]
[Black "GARKAUSKAS, Otto Dmitry"]
[Result "1/2-1/2"]
[WhiteElo "1709"]
[BlackElo "2060"]
[PlyCount "63"]
[EventDate "2012.08.08"]
[EventRounds "9"]
[EventCountry "BRA"]

1. e4 c5 2. c3 d5 3. exd5 Qxd5 4. d4 Nf6 5. Nf3 Bg4 6. dxc5 Qxc5 7. h3 Bh5 8.
Na3 a6 9. Be3 Qc7 10. Qa4+ Nbd7 11. O-O-O Bxf3 12. gxf3 O-O-O 13. Qc4 e6 14.
Qxc7+ Kxc7 15. Nc4 Nd5 16. Be2 f6 17. Rhg1 g6 18. Rge1 Nc5 19. Kc2 e5 20. Na5
b5 21. Nb3 Ne6 22. a3 Nef4 23. Bf1 Be7 24. Nc5 Nxe3+ 25. fxe3 Bxc5 26. Rxd8
Rxd8 27. exf4 exf4 28. Re6 Rd6 29. Rxd6 Kxd6 30. a4 Kc6 31. axb5+ axb5 32. Kd3
1/2-1/2

[Event "II Aberto do Brasil de Maringa id. fide 69253 id. 
[Site "Maringa - Parana - Brasil"]
[Date "2012.08.09"]
[Round "2"]
[Board "40"]
[White "ANDRADE FIAES, Mario Henrique"]
[Black "ANGELI GALVANI, Jose Henrique"]
[Result "1-0"]
[WhiteElo "2056"]
[BlackElo "1626"]
[PlyCount "32"]
[EventDate "2012.08.08"]
[EventRounds "9"]
[EventCountry "BRA"]

1. d4 d5 2. c4 e6 3. Nc3 Nf6 4. Nf3 Be7 5. Bg5 Nbd7 6. e3 O-O 7. Bd3 c6 8. Qe2
h6 9. Bh4 dxc4 10. Bxc4 Nd5 11. Bxe7 Qxe7 12. O-O Re8 13. Bb3 N5b6 14. e4 Rf8
15. Rfd1 e5 16. d5 Nc5 {ILEGIVEL, COM ABANDONO NO LANCE 19.} 1-0

[Event "II Aberto do Brasil de Maringa id. fide 69253 id. 
[Site "Maringa - Parana - Brasil"]
[Date "2012.08.09"]
[Round "3"]
[Board "1"]
[White "SOUZA NEVES, Andrey M"]
[Black "MARECO, Sandro"]
[Result "1/2-1/2"]
[WhiteElo "2140"]
[BlackElo "2589"]
[PlyCount "127"]
[EventDate "2012.08.08"]
[EventRounds "9"]
[EventCountry "BRA"]

1. e4 c5 2. Nf3 e6 3. d3 d5 4. Nbd2 Nc6 5. g3 g6 6. Bg2 Bg7 7. O-O Nge7 8. c3
b6 9. Re1 Bb7 10. a4 Qc7 11. exd5 Nxd5 12. Nc4 O-O 13. h4 h6 14. Nh2 Rad8 15.
Ng4 Kh7 16. Qe2 Rfe8 17. Bd2 Ba6 18. Rad1 f5 19. Nge5 Nxe5 20. Nxe5 Bxe5 21.
Qxe5 Qxe5 22. Rxe5 Bxd3 23. Bxh6 Nxc3 24. bxc3 Kxh6 25. Bc6 Bc4 26. Rde1 Re7
27. Bb5 Bxb5 28. axb5 Rd3 29. R5e3 c4 30. Kf1 Rxe3 31. Rxe3 Kg7 32. Re1 Kf7 33.
Rd1 Rc7 34. Rd8 e5 35. Ke2 Rc5 36. Rd7+ Ke6 37. Rxa7 Rxb5 38. Rg7 Rb2+ 39. Ke3
Kf6 40. Rc7 b5 41. Rc6+ Kf7 42. Rc7+ Ke6 43. Rc6+ Kd5 44. Rxg6 Rc2 45. h5 Rxc3+
46. Kd2 Ra3 47. h6 Ra2+ 48. Ke3 f4+ 49. gxf4 exf4+ 50. Kxf4 Rxf2+ 51. Kg3 Rf1
52. Rg5+ Kc6 53. Rh5 Rf8 54. h7 Rh8 55. Kf3 b4 56. Ke3 b3 57. Kd2 b2 58. Kc2
Rb8 59. Rh1 Kc5 60. Rb1 Rh8 61. Rxb2 Rxh7 62. Rb8 Rh2+ 63. Kc3 Rh3+ 64. Kc2
1/2-1/2

[Event "II Aberto do Brasil de Maringa id. fide 69253 id. 
[Site "Maringa - Parana - Brasil"]
[Date "2012.08.09"]
[Round "3"]
[Board "4"]
[White "MATSUURA, Everaldo"]
[Black "GONCALVES, Ivan Mesquita V"]
[Result "1/2-1/2"]
[WhiteElo "2487"]
[BlackElo "2116"]
[PlyCount "62"]
[EventDate "2012.08.08"]
[EventRounds "9"]
[EventCountry "BRA"]

1. d4 Nf6 2. c4 g6 3. f3 c5 4. d5 Bg7 5. e4 d6 6. Ne2 O-O 7. Nec3 e6 8. Be2
exd5 9. cxd5 Na6 10. O-O Nc7 11. a4 b6 12. Na3 Rb8 13. Bg5 h6 14. Be3 Nfe8 15.
Qd2 Kh7 16. f4 f5 17. exf5 gxf5 18. Rae1 Nf6 19. Kh1 Ne4 20. Nxe4 fxe4 21. Nb1
b5 22. b4 cxb4 23. Qxb4 Bf5 24. Rd1 bxa4 25. Qxa4 Rb2 26. Qc4 Qe7 27. Rd2 Rfb8
28. Rxb2 Rxb2 29. Nd2 a6 30. Rb1 Rxb1+ 31. Nxb1 Nb5 1/2-1/2

[Event "II Aberto do Brasil de Maringa id. fide 69253 id. 
[Site "Maringa - Parana - Brasil"]
[Date "2012.08.09"]
[Round "3"]
[Board "5"]
[White "CAMARGO, Mateus De"]
[Black "MOLINA, Roberto Junio Brito"]
[Result "1-0"]
[WhiteElo "2109"]
[BlackElo "2423"]
[PlyCount "93"]
[EventDate "2012.08.08"]
[EventRounds "9"]
[EventCountry "BRA"]

1. e4 c6 2. Nf3 d5 3. Nc3 Bg4 4. h3 Bxf3 5. Qxf3 e6 6. a3 g6 7. g3 Bg7 8. Bg2
Ne7 9. O-O O-O 10. d3 Nd7 11. Qe2 Re8 12. Kh2 Rc8 13. f4 f5 14. e5 a6 15. Nb1
b5 16. Be3 g5 17. Nd2 gxf4 18. gxf4 Ng6 19. Rg1 d4 20. Bxd4 Nxf4 21. Qf2 Ng6
22. Nf3 Qe7 23. Qg3 c5 24. Bc3 Kh8 25. Rae1 a5 26. b3 b4 27. Ba1 Nb6 28. Ng5
Qc7 29. Bf3 Bh6 30. a4 Rg8 31. Bb2 Nh4 32. Nf7+ Qxf7 33. Qxh4 Bg7 34. Bh5 Qd7
35. Bg6 h6 36. Bc1 Qd4 37. Qh5 Bxe5+ 38. Kh1 Bf4 39. Re4 Qxg1+ 40. Kxg1 Bxc1
41. Rxe6 Nd5 42. Kf2 Rcf8 43. Bf7 Rg2+ 44. Kf3 Kh7 45. Rg6 Rg4 46. hxg4 Rxf7
47. Rxh6+ 1-0

[Event "II Aberto do Brasil de Maringa id. fide 69253 id. 
[Site "Maringa - Parana - Brasil"]
[Date "2012.08.09"]
[Round "3"]
[Board "7"]
[White "OLIVEIRA, Fernando Ventura"]
[Black "ABDALLA, Luiz Guilherme Aurelli"]
[Result "0-1"]
[WhiteElo "2077"]
[BlackElo "2338"]
[PlyCount "98"]
[EventDate "2012.08.08"]
[EventRounds "9"]
[EventCountry "BRA"]

1. e4 c5 2. Nf3 e6 3. d4 cxd4 4. Nxd4 Nf6 5. Nc3 d6 6. Be2 Be7 7. O-O O-O 8.
Be3 a6 9. a4 Nc6 10. Nb3 b6 11. f4 Bb7 12. Bf3 Qc7 13. Qe2 Na5 14. Nxa5 bxa5
15. g4 Rab8 16. Ba7 Rbc8 17. Be3 Nd7 18. f5 Ne5 19. Rad1 Qc4 20. Qxc4 Rxc4 21.
Bd4 Bf6 22. Bxe5 Bxe5 23. Rd3 Rfc8 24. fxe6 fxe6 25. g5 Rf8 26. Kg2 $11 Rc7 27.
Bg4 Rxf1 28. Kxf1 Kf7 29. h3 Ke7 30. Be2 Bxc3 31. Rxc3 Rxc3 32. bxc3 Bxe4 33.
Bd3 Bc6 34. Bxh7 Bxa4 35. Bd3 Bc6 36. Ke1 a4 37. Kd1 a5 38. c4 e5 39. Be2 e4
40. Kd2 Ke6 41. Bd1 Kf5 42. h4 Be8 43. c3 Kf4 44. Bc2 a3 45. Bb1 e3+ 46. Ke2
Bh5+ 47. Ke1 Kg3 48. Ba2 Kxh4 49. g6 Kg5 0-1

[Event "II Aberto do Brasil de Maringa id. fide 69253 id. 
[Site "Maringa - Parana - Brasil"]
[Date "2012.08.09"]
[Round "3"]
[Board "8"]
[White "TSUBOI, Edson Kenji"]
[Black "FARIAS, Sergio Roberto Alves"]
[Result "1-0"]
[WhiteElo "2308"]
[BlackElo "2101"]
[PlyCount "59"]
[EventDate "2012.08.08"]
[EventRounds "9"]
[EventCountry "BRA"]

1. e4 c5 2. Nf3 e6 3. d4 cxd4 4. Nxd4 a6 5. Bd3 Qc7 6. O-O Nf6 7. Qe2 d6 8. c4
b6 9. Nc3 Be7 10. Kh1 Nbd7 11. f4 h5 12. Bd2 Bb7 13. Rae1 O-O-O 14. b4 g6 15.
Nb3 Kb8 16. a4 Rhe8 17. a5 d5 18. axb6 Nxb6 19. c5 Nc4 20. Bxc4 dxc4 21. Qxc4
Qc6 22. Na5 Qc7 23. Be3 Ng4 24. Bg1 Bf6 25. c6 Bxc3 26. Qxc3 Rd6 27. Nxb7 Qxc6
28. Nc5 Qb5 29. h3 Nh6 30. Rd1 1-0

[Event "II Aberto do Brasil de Maringa id. fide 69253 id. 
[Site "Maringa - Parana - Brasil"]
[Date "2012.08.09"]
[Round "3"]
[Board "9"]
[White "GONCALVES, Jorge Roberto"]
[Black "DELGADO, Lidio Dias"]
[Result "0-1"]
[WhiteElo "2057"]
[BlackElo "2285"]
[PlyCount "46"]
[EventDate "2012.08.08"]
[EventRounds "9"]
[EventCountry "BRA"]

1. d4 Nf6 2. e3 g6 3. Bd3 Bg7 4. f4 d6 5. Nf3 O-O 6. O-O c5 7. Qe1 Nc6 8. c3 e5
9. fxe5 dxe5 10. Bb5 exd4 11. Bxc6 bxc6 12. exd4 Ba6 13. Rf2 Re8 14. Qd1 Ne4
15. Rc2 Qb6 16. Be3 Rad8 17. Na3 cxd4 18. cxd4 c5 19. d5 Qb7 20. Rac1 Qxd5 21.
Qe1 Bd3 22. Bxc5 Bxc2 23. Rxc2 Qd7 0-1

[Event "II Aberto do Brasil de Maringa id. fide 69253 id. 
[Site "Maringa - Parana - Brasil"]
[Date "2012.08.09"]
[Round "3"]
[Board "10"]
[White "BARRETO FILHO, Carlos Alberto"]
[Black "SZTOKBANT, Bernardo Vainzoff"]
[Result "1/2-1/2"]
[WhiteElo "2279"]
[BlackElo "2065"]
[PlyCount "84"]
[EventDate "2012.08.08"]
[EventRounds "9"]
[EventCountry "BRA"]

1. c4 e6 2. Nc3 d5 3. e3 Nf6 4. Nf3 c5 5. d4 Nc6 6. a3 dxc4 7. Bxc4 Be7 8. O-O
O-O 9. dxc5 Qxd1 10. Rxd1 Bxc5 11. b4 Be7 12. Bb2 b6 13. Be2 Bb7 14. h3 Rfd8
15. Rxd8+ Rxd8 16. Rc1 Kf8 17. Nb5 a5 18. Nbd4 Nxd4 19. Bxd4 axb4 20. axb4 Bxb4
21. Bxb6 Rc8 22. Rb1 Bd6 23. Bd4 Be4 24. Ra1 Ra8 25. Rc1 Rb8 26. Nd2 Bb7 27.
Nc4 Bc7 28. Nb6 Bxb6 29. Bxb6 Rc8 30. Ra1 Rc2 31. Bd1 Rc8 32. Bd4 h6 33. Kf1
Ne4 34. Bf3 Bd5 35. Kg1 Rc2 36. Bxe4 Bxe4 37. f3 Bc6 38. Ra7 Kg8 39. Rc7 f6 40.
Ba7 Kh7 41. Kh2 Be4 42. Rxc2 Bxc2 1/2-1/2

[Event "II Aberto do Brasil de Maringa id. fide 69253 id. 
[Site "Maringa - Parana - Brasil"]
[Date "2012.08.09"]
[Round "3"]
[Board "11"]
[White "LUKACHEWSKI JUNIOR, Wanderley"]
[Black "BRITO, Luismar"]
[Result "1/2-1/2"]
[WhiteElo "2050"]
[BlackElo "2275"]
[PlyCount "89"]
[EventDate "2012.08.08"]
[EventRounds "9"]
[EventCountry "BRA"]

1. e4 c5 2. Nf3 d6 3. d4 cxd4 4. Nxd4 Nf6 5. Nc3 a6 6. Be3 e6 7. g4 Be7 8. g5
Nfd7 9. h4 Nc6 10. Qd2 Qc7 11. O-O-O Nc5 12. f4 Bd7 13. Bg2 Rb8 14. h5 b5 15.
Nxc6 Bxc6 16. Qd4 Rg8 17. a3 a5 18. b4 axb4 19. axb4 Na4 20. Nxa4 bxa4 21. c3
Bb5 22. Bf1 Bxf1 23. Rhxf1 Kd7 24. Qa7 Qxa7 25. Bxa7 Rb5 26. Rg1 Rc8 27. Kb2
Rc4 28. Bd4 g6 29. hxg6 hxg6 30. Ka3 Kc6 31. Kxa4 d5 32. exd5+ exd5 33. Rb1
Bxb4 34. Rxb4 Rbxb4+ 35. cxb4 Rxd4 36. Rf1 Rd2 37. f5 Ra2+ 38. Kb3 Rg2 39. fxg6
fxg6 40. Rf6+ Kb5 41. Rxg6 Rg3+ 42. Kc2 Kxb4 43. Rc6 Rxg5 44. Kd3 Rg4 45. Rc8
1/2-1/2

[Event "II Aberto do Brasil de Maringa id. fide 69253 id. 
[Site "Maringa - Parana - Brasil"]
[Date "2012.08.09"]
[Round "3"]
[Board "12"]
[White "GONZALEZ, Bolivar Ribeiro"]
[Black "ANDRADE FIAES, Mario Henrique"]
[Result "1/2-1/2"]
[WhiteElo "2257"]
[BlackElo "2056"]
[PlyCount "109"]
[EventDate "2012.08.08"]
[EventRounds "9"]
[EventCountry "BRA"]

1. e4 e5 2. Nf3 Nc6 3. Bc4 Bc5 4. c3 Nf6 5. b4 Bb6 6. Qb3 Qe7 7. d3 O-O 8. a4
a5 9. b5 Nd8 10. O-O d6 11. Be3 Ne6 12. Nbd2 Nh5 13. h3 Nhf4 14. Kh2 Kh8 15.
Rfe1 Qf6 16. Qd1 Ng5 17. Nxg5 Qxg5 18. Qf3 Bxe3 19. fxe3 Ng6 20. Qg3 Qe7 21.
Rf1 f5 22. exf5 Bxf5 23. Rf2 Rad8 24. Raf1 Be6 25. Bxe6 Qxe6 26. Rxf8+ Nxf8 27.
Qf3 Qc8 28. Qh5 Ne6 29. Ne4 Rf8 30. Ng5 h6 31. Rxf8+ Nxf8 32. Ne4 Qe6 33. c4
Kg8 34. Qf3 Nd7 35. Nc3 Nc5 36. Qf1 Qg6 37. d4 exd4 38. exd4 Ne6 39. Nd5 Qf7
40. Qd1 c6 41. bxc6 bxc6 42. Nc3 Qf4+ 43. Kh1 Nxd4 44. Ne2 Nxe2 45. Qxe2 Qe5
46. Qg4 Kh7 47. Qd7 Qc5 48. Qe6 Qd4 49. Qf5+ g6 50. Qd7+ Kg8 51. Qe8+ Kg7 52.
Qe7+ Kg8 53. Qe8+ Kg7 54. Qe7+ Kg8 55. Qe8+ 1/2-1/2

[Event "II Aberto do Brasil de Maringa id. fide 69253 id. 
[Site "Maringa - Parana - Brasil"]
[Date "2012.08.09"]
[Round "3"]
[Board "13"]
[White "BRANDAO, Renan Alves"]
[Black "MARTINS, Carlos"]
[Result "1/2-1/2"]
[WhiteElo "2048"]
[BlackElo "2250"]
[PlyCount "36"]
[EventDate "2012.08.08"]
[EventRounds "9"]
[EventCountry "BRA"]

1. c4 f5 2. Nc3 Nf6 3. g3 g6 4. Bg2 Bg7 5. e3 O-O 6. Nge2 d6 7. O-O e5 8. d3 c6
9. e4 fxe4 10. dxe4 Be6 11. b3 Qd7 12. Ba3 c5 13. Qd2 Nc6 14. Rad1 Rad8 15. Nd5
Bxd5 16. exd5 Nd4 17. Nxd4 exd4 18. Rde1 Rde8 $11 1/2-1/2

[Event "II Aberto do Brasil de Maringa id. fide 69253 id. 
[Site "Maringa - Parana - Brasil"]
[Date "2012.08.09"]
[Round "3"]
[Board "15"]
[White "MENDONCA CAMPELO, Higor Carlos"]
[Black "QUINTILIANO PINTO, Renato R"]
[Result "1/2-1/2"]
[WhiteElo "2041"]
[BlackElo "2238"]
[PlyCount "73"]
[EventDate "2012.08.08"]
[EventRounds "9"]
[EventCountry "BRA"]

1. e4 c5 2. Nf3 d6 3. d4 cxd4 4. Nxd4 Nf6 5. Nc3 g6 6. Be3 Bg7 7. f3 O-O 8. Qd2
Nc6 9. O-O-O d5 10. exd5 Nxd5 11. Nxc6 bxc6 12. Bd4 e5 13. Bc5 Be6 14. Ne4 Rb8
15. h4 f5 16. Ng5 e4 17. b3 e3 18. Qe1 Bc3 19. Qxc3 Nxc3 20. Rxd8 Rfxd8 21.
Bxe3 Bd5 22. Bxa7 Rb7 23. Bc5 h6 24. Nh3 Kh7 25. Ba6 Rbb8 26. a4 Nxa4 27. Bf2
Nc3 28. Kb2 Na4+ 29. Kc1 Rd7 30. Nf4 Bf7 31. Bd3 Nc3 32. h5 Na2+ 33. Kb2 Nb4
34. hxg6+ Bxg6 35. Be3 h5 36. Bxf5 Bxf5 37. Rxh5+ 1/2-1/2

[Event "II Aberto do Brasil de Maringa id. fide 69253 id. 
[Site "Maringa - Parana - Brasil"]
[Date "2012.08.09"]
[Round "3"]
[Board "16"]
[White "UMETSUBO, Cesar Hidemitsu"]
[Black "NUNES JR, Sidney"]
[Result "1-0"]
[WhiteElo "2236"]
[BlackElo "2038"]
[PlyCount "115"]
[EventDate "2012.08.08"]
[EventRounds "9"]
[EventCountry "BRA"]

1. d4 Nf6 2. Nf3 g6 3. Bf4 Bg7 4. e3 d5 5. Bd3 c5 6. c3 cxd4 7. exd4 O-O 8. O-O
Nc6 9. h3 Bd7 10. Nbd2 Qc8 11. Re1 Bf5 12. Bb5 Re8 13. Ne5 Bd7 14. Nxd7 Nxd7
15. Nf3 a6 16. Bd3 e5 17. dxe5 Ndxe5 18. Nxe5 Nxe5 19. Bf1 Qc6 20. Qb3 Nc4 21.
Rxe8+ Rxe8 22. Rd1 b5 23. Qc2 Qc5 24. Qc1 Rc8 25. Be2 Rd8 26. b3 Nd6 27. Bf3
Qxc3 28. Qxc3 Bxc3 29. Rxd5 Bb4 $11 30. Kf1 Kf8 31. g4 Ke7 32. h4 Rc8 33. h5
Rc2 34. Re5+ Kd7 35. Re2 Rxe2 36. Kxe2 Bc5 37. Bd5 Ke7 38. h6 a5 39. a4 bxa4
40. bxa4 Bb4 41. f3 Ne8 42. Kd3 Nf6 43. Bg5 Be1 44. Kc4 Bf2 45. Kb5 Be1 46. Bc4
Bc3 $11 47. Bf4 Ne8 48. Kc6 Bb4 49. Bg5+ Nf6 50. Bf4 Ne8 51. Bd3 Bc3 52. Be3
Nd6 53. f4 Bb4 54. Bc5 Ke6 55. Bxb4 axb4 56. a5 b3 57. a6 Nc8 58. Bc4+ 1-0

[Event "II Aberto do Brasil de Maringa id. fide 69253 id. 
[Site "Maringa - Parana - Brasil"]
[Date "2012.08.09"]
[Round "3"]
[Board "17"]
[White "BRODAY, Gabriel Renan"]
[Black "FELICIANO EBERT, Vanessa"]
[Result "1/2-1/2"]
[WhiteElo "2028"]
[BlackElo "2231"]
[PlyCount "69"]
[EventDate "2012.08.08"]
[EventRounds "9"]
[EventCountry "BRA"]

1. e4 c5 2. Nf3 Nc6 3. Bc4 e6 4. Qe2 Nge7 5. c3 d5 6. Bb3 dxe4 7. Qxe4 g6 8.
O-O Bg7 9. Rd1 O-O 10. d3 b6 11. Bf4 Bb7 12. Qe2 Nd5 13. Bg3 b5 14. c4 Nc7 15.
Bxc7 Qxc7 16. cxb5 Ne5 17. Nxe5 Bxe5 18. h3 Bd4 19. Nc3 Qf4 20. Re1 Rad8 21.
Rad1 Rd7 22. Bc4 Rfd8 23. Ne4 Bxe4 24. Qxe4 Qxf2+ 25. Kh1 Qxb2 26. Rf1 Bg7 27.
Qf3 Qd4 28. Rde1 Qd6 29. Re2 Bd4 30. Rfe1 Kg7 31. Rf1 h5 32. a4 h4 33. Qg4 Rh8
34. Bxe6 Re7 35. Bc4 1/2-1/2

[Event "II Aberto do Brasil de Maringa id. fide 69253 id. 
[Site "Maringa - Parana - Brasil"]
[Date "2012.08.09"]
[Round "3"]
[Board "18"]
[White "PROUDIAN, Armen"]
[Black "CUSTODIO, Leandro"]
[Result "1-0"]
[WhiteElo "2223"]
[BlackElo "2014"]
[PlyCount "65"]
[EventDate "2012.08.08"]
[EventRounds "9"]
[EventCountry "BRA"]

1. e4 d6 2. d4 Nf6 3. Nc3 g6 4. Be3 Bg7 5. Qd2 c6 6. f3 Qa5 7. g4 h5 8. g5 Nfd7
9. Nge2 c5 10. O-O-O Nc6 11. Kb1 cxd4 12. Nxd4 Nc5 13. Nd5 Qxd2 14. Rxd2 Rb8
15. b4 Bxd4 16. Bxd4 Nxd4 17. Rxd4 Ne6 18. Rc4 Nxg5 19. f4 Nh7 20. e5 dxe5 21.
fxe5 Be6 22. Nc7+ Kd7 23. Bh3 b5 24. Rd1+ Kc8 25. Nxb5+ Kb7 26. Bxe6 fxe6 27.
Rd7+ Kb6 28. Nc7 Rhc8 29. a4 a5 30. b5 Nf8 31. Rc6+ Ka7 32. Rxe7 Rb6 33. Ne8+
1-0

[Event "II Aberto do Brasil de Maringa id. fide 69253 id. 
[Site "Maringa - Parana - Brasil"]
[Date "2012.08.09"]
[Round "3"]
[Board "21"]
[White "OSIPI, Jair"]
[Black "RODRIGUES, Joao Victor Da Silva"]
[Result "1-0"]
[WhiteElo "2204"]
[BlackElo "1759"]
[PlyCount "93"]
[EventDate "2012.08.08"]
[EventRounds "9"]
[EventCountry "BRA"]

1. d4 Nf6 2. c4 g6 3. Nc3 Bg7 4. g3 d6 5. Bg2 O-O 6. Nf3 Nc6 7. d5 Na5 8. Nd2
c5 9. O-O Nd7 10. Qc2 Ne5 11. b3 e6 12. Bb2 exd5 13. Nxd5 Nac6 14. f4 Nd7 15.
Bxg7 Kxg7 16. Qb2+ Kg8 17. Ne4 f5 18. Nxd6 Nf6 19. Nxf6+ Qxf6 20. Bd5+ Kg7 21.
Qxf6+ Kxf6 22. e4 Ke7 23. e5 Rb8 24. Rfe1 Nd4 25. Kf2 b6 26. Rab1 a5 27. Rb2
Bd7 28. Ke3 Be6 29. h4 h5 30. Bg2 Bd7 31. Kf2 Be6 32. a3 Rfd8 33. b4 Kd7 34.
bxc5 bxc5 35. Reb1 Rxb2+ 36. Rxb2 Ke7 37. Bd5 Bxd5 38. cxd5 Rd7 39. Nc8+ Kd8
40. Nd6 Ke7 41. Rb7 Rxb7 42. Nxb7 c4 43. Nxa5 c3 44. Ke3 c2 45. Kd2 Ne2 46.
Kxc2 Nxg3 47. Kd3 1-0

[Event "II Aberto do Brasil de Maringa id. fide 69253 id. 
[Site "Maringa - Parana - Brasil"]
[Date "2012.08.09"]
[Round "3"]
[Board "23"]
[White "POPOVICZ, Sandro Jose"]
[Black "NAME, Gabriel Ricardo Salim"]
[Result "0-1"]
[WhiteElo "1902"]
[BlackElo "2160"]
[PlyCount "61"]
[EventDate "2012.08.08"]
[EventRounds "9"]
[EventCountry "BRA"]

1. d4 d5 2. c4 dxc4 3. e3 c5 4. Bxc4 cxd4 5. exd4 Nf6 6. Nf3 e6 7. O-O Be7 8.
Nc3 O-O 9. Qe2 Bd7 10. Rd1 Bc6 11. Ne5 Nd5 12. Rd3 Nd7 13. Nxc6 bxc6 14. Rh3 g6
15. Bh6 Re8 16. Ne4 Qb6 17. Rd1 N7f6 18. Ng5 Nf4 19. Qf3 Nxh3+ 20. Qxh3 Bf8 21.
Rd3 Qb4 22. Rc3 Bxh6 23. Qxh6 Qf8 24. Qh4 h6 25. Rh3 Qg7 26. Ne4 Nxe4 27. Qxe4
Rac8 28. Rg3 Red8 29. h4 Rxd4 30. Qe2 Rxh4 31. Bb3 0-1

[Event "II Aberto do Brasil de Maringa id. fide 69253 id. 
[Site "Maringa - Parana - Brasil"]
[Date "2012.08.09"]
[Round "3"]
[Board "24"]
[White "CHEMIN, Justo Reinaldo"]
[Black "BRODAY, Geovani Allan"]
[Result "1/2-1/2"]
[WhiteElo "2153"]
[BlackElo "1899"]
[PlyCount "76"]
[EventDate "2012.08.08"]
[EventRounds "9"]
[EventCountry "BRA"]

1. d4 Nf6 2. c4 e6 3. Nf3 b6 4. g3 Ba6 5. Qc2 Bb7 6. Bg2 c5 7. O-O cxd4 8. Nxd4
Bxg2 9. Kxg2 Nc6 10. Nxc6 dxc6 11. Nc3 Be7 12. Rd1 Qc8 13. Bg5 O-O 14. Rd3 Qc7
15. Rad1 Rfd8 16. Bxf6 Bxf6 17. Ne4 Be7 18. c5 Rd5 19. cxb6 axb6 20. Rxd5 exd5
21. Rxd5 Rxa2 22. Rd3 Ra8 23. Nc3 Rc8 24. f4 b5 25. Ne4 c5 26. Nc3 c4 27. Rd1
b4 28. Nd5 Qb7 29. e4 Bf8 30. f5 Qb8 31. Rd4 c3 32. bxc3 b3 33. Qb2 Kh8 34. Nb4
Bxb4 35. Qxb3 Bxc3 36. Rc4 Bf6 37. Rxc8+ Qxc8 38. Qxf7 Qb8 {Ilegivel. Partida
concluida no lance 48.} 1/2-1/2